000
00369nam a2200133Ia 4500
008
100328s9999 xx 000 0 und d
082
_b
17440
100
_a
रंजीत कर्नल
245
_a
गहरी चाल
260
_b
शिक्षा भारती
630
_a
गहरी चाल
730
_a
गहरी चाल
942
_c
BOOK
999
_c
512015
_d
512012